Proceedings of the conference on library and information services for future development of Southern (Record no. 77202)

MARC details
000 -LEADER
fixed length control field 00719nam a2200145 a 4500
008 - FIXED-LENGTH DATA ELEMENTS--GENERAL INFORMATION
fixed length control field 120416s0000 ||||||||||||||||| || u
020 ## - INTERNATIONAL STANDARD BOOK NUMBER
International Standard Book Number 0620166932
050 ## - LIBRARY OF CONGRESS CALL NUMBER
Classification number Z 674.4 Pro
245 00 - TITLE STATEMENT
Title Proceedings of the conference on library and information services for future development of Southern
Statement of responsibility, etc. edited by A. G. Coetzer
260 ## - PUBLICATION, DISTRIBUTION, ETC.
Place of publication, distribution, etc. Pretoria
Name of publisher, distributor, etc. Info Africa Nova
Date of publication, distribution, etc. 1992
300 ## - PHYSICAL DESCRIPTION
Extent [xii], 789p. : ill.
350 ## -
-- 0.00
995 ## -
-- SPECIAL COLLECTIONS
-- 0.00
-- 726195
-- CBU-MAIN LIBRARY (Kitwe)
-- 1
-- 60.00
-- ZAM Z 674.4 Pro
-- 1
-- AVAILABLE
-- 017470
-- Zambiana Collection
995 ## -
-- ANNEX COLLECTION (Main Library)
-- 0.00
-- 726194
-- CBU-MAIN LIBRARY (Kitwe)
-- 2
-- 60.00
-- Z 674.4 Pro
-- 2
-- AVAILABLE
-- 017471
-- Annex Low-Usage Collection
999 ## -
-- 77202
-- 77202
Holdings
Withdrawn status Lost status Source of classification or shelving scheme Damaged status Not for loan Permanent Location Current Location Shelving location Date acquired Total Checkouts Full call number Barcode Date last seen Copy number Price effective from Koha item type
          CBU-MAIN LIBRARY, KITWE. CBU-MAIN LIBRARY, KITWE.   04/25/2023   ZAM Z 674.4 Pro 017470 04/25/2023 1 04/25/2023 SPECIAL COLLECTION
          CBU-MAIN LIBRARY, KITWE. CBU-MAIN LIBRARY, KITWE.   04/25/2023   Z 674.4 Pro 017471 04/25/2023 2 04/25/2023 MONOGRAPH